000 00242nam a22000857a 4500
008 241102b ||||| |||| 00| 0 eng d
100 _aMenzinsky, Georg
245 _aPostage Stamps of Sweden 1920 - 1945
260 _bRoyal Swedish General Post Office
999 _c3622
_d3622